000 00775cam a2200217 4500
001 WB3725-16
008 000000n2001 000 0 eng u
035 _a(Sirsi) u113346
245 _aProperty hits a purple patch
260 _c2001
490 _aFinancial Times
_v27 June 2001, 31(1)
520 _aA new strategy document, "Property, the first alternative investment", from Merrill Lynch Investment Managers looks at the performance of property returns in comparison with equities and bonds.
590 _aWB
650 _aPROPERTY ASSETS
650 _aREAL ESTATE
650 _aPROPERTY RETURNS
650 _aPENSION FUNDS
650 _aPROPERTY INVESTMENT
690 _aPROPERTY-COMMERCIAL PROPERTY-COMMERCIAL PROPERTY FINANCE AND INVESTMENT
942 _n0
999 _c67526
_d67526